| 000 | 00397nam a2200145Ia 4500 | ||
|---|---|---|---|
| 999 |
_c10957 _d10957 |
||
| 082 | _aTG.0067 | ||
| 100 | _aGarrigues, Steve L | ||
| 245 | 0 | _aBahai's of Malwa: identity and change among the urban Baha'is of Central India | |
| 260 |
_c1976 _bUniversity of Lucknow |
||
| 300 | _a736 | ||
| 650 | _aBahais, The | ||
| 650 |
_aBahaism _zIndia, Central |
||
| 650 |
_aReligious _vAsia |
||
| 942 |
_cTH _2ddc |
||